Synergetika v ekonómii a manažmente čas a zmeny v ekonomickej teórii a teórii manažmentu

Saved in:
Bibliographic Details
Main Author: Prno, Ignác
Format: Book
Language:Slovak
Published: Bratislava VEDA, vydavateľstvo Slovenskej akadémie vied 2010
Subjects:
Tags: Add Tag
No Tags, Be the first to tag this record!

MARC

LEADER 00000nam a2200000 4500
001 0128782
005 20240314093546.5
020 |a 978-80-224-1143-1 
041 0 |a slo 
044 |a SK 
245 1 0 |a Synergetika v ekonómii a manažmente  |b čas a zmeny v ekonomickej teórii a teórii manažmentu  |c Ignác Prno 
264 1 |a Bratislava  |b VEDA, vydavateľstvo Slovenskej akadémie vied  |c 2010 
300 |a 197 s. 
610 2 0 |a synergetika 
610 2 0 |a teórie ekonomické 
610 2 0 |a ekonómia 
610 2 0 |a manažment 
610 2 0 |a kybernetika 
610 2 0 |a teória riadenia 
610 2 0 |a matematika 
610 2 0 |a systémy sociálne 
610 2 0 |a modelovanie 
610 2 0 |a optimalizácia 
100 1 |a Prno, Ignác